[Event "NOR-ch"]
[Site "Kristiansand"]
[Date "1987.??.??"]
[Round "?"]
[White "Elseth, Roar"]
[Black "Lauvsnes, Arild"]
[Result "1/2-1/2"]
[WhiteElo "2285"]
[BlackElo "2290"]

1.e4 c5 2.Nf3 d6 3.d4 cxd4 4.Nxd4 Nf6 5.Nc3 a6 6.Be3 e6 7.a4 Qc7 8.Be2 b6
9.f4 Bb7 10.Bf3 Nbd7 11.Nb3 Be7 12.g4 Nc5  1/2-1/2

[Event "London Peace"]
[Site "London"]
[Date "1987.??.??"]
[Round "?"]
[White "Littlewood, John Eric"]
[Black "Braga, Fernando"]
[Result "0-1"]
[WhiteElo "2380"]
[BlackElo "2420"]

1.e4 c5 2.Nf3 d6 3.d4 cxd4 4.Nxd4 Nf6 5.Nc3 a6 6.Be3 e6 7.Qd2 Nbd7 8.O-O-O b5
9.Bd3 Bb7 10.f3 Rc8 11.Rhe1 Be7 12.g4 b4 13.Nb1 Nc5 14.g5 Nfd7 15.h4 Qa5
16.Nb3 Nxd3+ 17.Qxd3 Qxa2 18.N1d2 Ne5 19.Qd4 O-O 20.f4 Rxc2+ 21.Kxc2 Rc8+
22.Nc5 Rxc5+ 23.Qxc5 dxc5 24.fxe5 Qa4+ 25.b3 Qa2+ 26.Kd3 Qb2 27.Bf4 a5 28.Ra1 Bd8
29.Ke3 h6 30.Kf3 Qc3+ 31.Kg2 hxg5 32.hxg5 Bb6 33.Rad1 Qd3 34.Nf3 Qxb3 35.Rd6 Qc2+
36.Kg3 Bxe4 37.Rxb6 Bxf3 38.Kxf3 Qd3+ 39.Kg4 Kh7 40.Rd6 Qc3 41.Rc1 Qb2 42.Rd2 Qa3
43.Rxc5 b3 44.Rc3 Qb4 45.Rh3+ Kg6 46.Rd8 Qb6 47.Rg8 Qg1+ 48.Bg3 Qd1+ 49.Kf4 Qf1+  0-1

[Event "Medellin"]
[Site "Medellin"]
[Date "1987.??.??"]
[Round "?"]
[White "Zapata, Alonso"]
[Black "Verduga, Denis Homero"]
[Result "1/2-1/2"]
[WhiteElo "2505"]
[BlackElo "2435"]

1.e4 c5 2.Nf3 d6 3.d4 cxd4 4.Nxd4 Nf6 5.Nc3 a6 6.Be3 e6 7.Be2 Nbd7 8.a4 b6
9.f4 Bb7 10.Bf3 Rc8 11.Qe2 e5 12.Nb3 Be7 13.O-O O-O 14.Rad1 Re8 15.Qf2 Qc7
16.f5 d5 17.exd5 Bb4 18.d6 Qb8 19.Bxb6 e4 20.Bc7 Qa8 21.Be2 e3 22.Qg3 Bxc3
23.bxc3 Ne4 24.Qe1 Qa7 25.Rd4 Ba8 26.Rf3 Nef6 27.Rg3 Re5 28.Qf1 Rce8 29.Qf4 Kh8
30.a5 h6 31.Bb6 Qb8 32.Bc7 Qc8 33.Qf1 Bb7 34.Rh4 Nd5 35.Nd4 N7f6 36.d7 Qxc7
37.dxe8=Q+ Rxe8 38.c4 Nc3 39.Qa1 Nxe2+ 40.Nxe2 Re5 41.Qa3 Kg8 42.Rxe3 Rxa5
43.Qc3 Rxf5 44.Nd4 Rc5 45.Nf3 h5 46.Qd4 Bxf3 47.gxf3 a5 48.Rd3 Kh7 49.Rb3 Rg5+
50.Kf1 Rf5 51.Qd3 g6 52.Rb5 Rf4 53.Rxf4 Qxf4 54.Kg2 a4 55.Ra5 h4 56.c3 a3
57.Ra7 Nh5 58.Qd5 Kg8 59.Qd8+ Kh7 60.Qd5 Kh6 61.Qxf7 Qg5+ 62.Kf1  1/2-1/2

[Event "Medellin"]
[Site "Medellin"]
[Date "1987.??.??"]
[Round "?"]
[White "Juarez Flores, Carlos A"]
[Black "Verduga, Denis Homero"]
[Result "0-1"]
[WhiteElo "2340"]
[BlackElo "2435"]

1.e4 c5 2.Nf3 d6 3.d4 cxd4 4.Nxd4 Nf6 5.Nc3 a6 6.Be3 e5 7.Nb3 Be6 8.Be2 Be7
9.O-O Nbd7 10.f4 Qc7 11.Kh1 Rc8 12.Qe1 b5 13.Rd1 Qb8 14.a3 O-O 15.Bd3 Rfe8
16.Rd2 Bc4 17.f5 d5 18.Nxd5 Nxd5 19.exd5 Bxd3 20.Rxd3 Rxc2 21.Qb1 Rcc8 22.Rfd1 Bd6
23.h3 Nf6 24.R3d2 h6 25.Na5 Qc7 26.Nc6 Qd7 27.Qd3 e4 28.Qf1 Nh5 29.Kg1 Ng3
30.Qf2 Nxf5 31.g4 Nxe3 32.Qxe3 g5 33.Re2 f5 34.gxf5 Qxf5 35.Rf2 Bf4 36.Kg2 Qf7
37.Qe2 e3 38.Rff1 Qg6 39.Rd4 Bd6 40.b4 h5 41.Rf3 Bf4 42.Rf1 h4 43.Rc1 Rc7
44.Qg4 Bg3 45.Qe2 Rf8 46.Rf1 Rxf1 47.Kxf1 Rxc6 48.dxc6 Qf6+ 49.Kg2 Qxd4 50.Qh5  0-1

[Event "Moscow-B"]
[Site "Moscow"]
[Date "1987.??.??"]
[Round "?"]
[White "Kotronias, Vasilios"]
[Black "Petrosian, Arshak B"]
[Result "1/2-1/2"]
[WhiteElo "2440"]
[BlackElo "2495"]

1.e4 c5 2.Nf3 d6 3.d4 cxd4 4.Nxd4 Nf6 5.Nc3 a6 6.Be3 e5 7.Nf3 Qc7 8.a4 Be7
9.a5 O-O 10.Be2 Nbd7 11.O-O b5 12.axb6 Nxb6 13.Qd3 Bb7 14.Nd2 Rac8 15.Rfd1 Nfd7
16.Bg4 Rb8 17.Qf1 d5 18.exd5 Nxd5 19.Nxd5 Bxd5 20.Ne4 Bc6 21.Qc4 Rb4 22.Rxd7 Qxd7
23.Qxb4 Bxb4 24.Bxd7 Bxe4 25.c3 Rd8 26.Bg4 Bf8 27.Rxa6 f5 28.Bf3 f4 29.Bb6 Rd2
30.h4 Bxf3 31.gxf3 Rxb2 32.Ba7 Rc2 33.Rc6 Bb4 34.c4 Bc3 35.Rd6 Bb4 36.Rd5 Rxc4
37.Rxe5 Kf7 38.Bb8 Be7 39.h5 g5  1/2-1/2

[Event "New York op"]
[Site "New York"]
[Date "1987.??.??"]
[Round "?"]
[White "London, Dimitri"]
[Black "Gruenfeld, Yehuda"]
[Result "0-1"]
[WhiteElo "2420"]
[BlackElo "2535"]

1.e4 c5 2.Nf3 d6 3.d4 cxd4 4.Nxd4 Nf6 5.Nc3 a6 6.Be3 e5 7.Nf3 h6 8.Bc4 Qc7
9.Bb3 Be6 10.O-O Nbd7 11.a4 Nc5 12.Nd5 Bxd5 13.exd5 Nxb3 14.cxb3 Qa5 15.Rc1 Be7
16.Nxe5 dxe5 17.d6 Rd8 18.Bd2 Qd5 19.dxe7 Kxe7 20.Bb4+ Ke6 21.Qe2 Qd3 22.Qe1 Nd5
23.Rd1 Qxb3 24.Bd2 g5 25.Qe2 Qxa4 26.f4 gxf4 27.Qg4+ f5 28.Qh3 Nf6 29.Rfe1 Qd4+  0-1

[Event "Oslo"]
[Site "Oslo"]
[Date "1987.??.??"]
[Round "?"]
[White "Elseth, Roar"]
[Black "Ostenstad, Berge"]
[Result "1/2-1/2"]
[WhiteElo "2305"]
[BlackElo "2400"]

1.e4 c5 2.Nf3 d6 3.d4 cxd4 4.Nxd4 Nf6 5.Nc3 a6 6.Be3 e5 7.Nb3 Be7 8.Be2 Be6
9.Bf3 O-O 10.g4 Nc6 11.g5 Nd7 12.Rg1 Rc8 13.Bg4 g6 14.Bxe6 fxe6 15.Qg4 Rf7
16.Qxe6 Nb4 17.O-O-O Nf8 18.Qg4 a5 19.a3 Rxc3 20.bxc3 Na6 21.Rd3 Qe8 22.Nxa5 Qa4
23.Nb3 Nc7 24.f3 Nb5 25.Kd2 Nxa3 26.Ra1 Nc4+ 27.Ke2 Qb5 28.Bc1 Qc6 29.h4 Nb6
30.Be3 Na4 31.Bd2 b5 32.Na5 Qc7 33.c4 bxc4 34.Rd5 Nb6 35.Rb5 c3 36.Be3 Nc4
37.Rb7 Nxe3 38.Rxc7 Nxg4 39.Nc6 Ne6 40.Nxe7+ Kg7 41.Nf5+ gxf5 42.Rxf7+ Kxf7
43.fxg4 Nd4+ 44.Kd3 fxg4 45.h5 Ne6 46.Rg1 Nf4+ 47.Kc4 Nxh5 48.Rxg4 Nf4 49.Rh4 Kg6
50.Rh6+ Kxg5 51.Rxh7 Kg4 52.Rd7 Kf3 53.Kxc3 Kxe4 54.Rxd6 Kf3 55.Rd8 e4 56.Re8 e3
57.Kd4 e2 58.Re4 Ng2  1/2-1/2

[Event "Pavlodar"]
[Site "Pavlodar"]
[Date "1987.??.??"]
[Round "?"]
[White "Panchenko, Alexander N"]
[Black "Anastasian, Ashot"]
[Result "1-0"]
[WhiteElo "2475"]
[BlackElo "2400"]

1.e4 c5 2.Nf3 d6 3.d4 cxd4 4.Nxd4 Nf6 5.Nc3 a6 6.Be3 e6 7.f4 Nbd7 8.Qf3 Qc7
9.Bd3 b5 10.a3 Bb7 11.g4 Nc5 12.g5 Nfd7 13.Rf1 g6 14.O-O-O Nxd3+ 15.cxd3 Bg7
16.Kb1 O-O 17.Rc1 Nc5 18.Qe2 Qe7 19.h4 e5 20.fxe5 dxe5 21.Nf5 gxf5 22.Nd5 Qd8
23.Bxc5 Re8 24.Nf6+ Bxf6 25.gxf6 Kh8 26.Rxf5 Rc8 27.Rcf1 Rg8 28.Rxe5 Rc6
29.Be7 Qc8 30.Rg5 Rxg5 31.hxg5 Qh3 32.Qf3 Qh2 33.Rh1 Qb8 34.Rxh7+  1-0

[Event "Pavlodar"]
[Site "Pavlodar"]
[Date "1987.??.??"]
[Round "?"]
[White "Panchenko, Alexander N"]
[Black "Loginov, Valery A"]
[Result "1/2-1/2"]
[WhiteElo "2475"]
[BlackElo "2355"]

1.e4 c5 2.Nf3 d6 3.d4 cxd4 4.Nxd4 Nf6 5.Nc3 a6 6.Be3 e5 7.Nf3 Qc7 8.a4 Be7
9.Be2 O-O 10.a5 Nbd7 11.Nd2 b5 12.axb6 Nxb6 13.Bxb6 Qxb6 14.Nc4 Qc7 15.O-O Be6
16.Qd3 Rfb8 17.b3 a5 18.Rfd1 g6 19.Ne3 Qc5 20.Ncd5 Nxd5 21.Nxd5 Bd8 22.Ra2 Bb6
23.Nxb6 Rxb6 24.Qe3 Rb4 25.Qxc5 dxc5 26.Rda1 c4 27.bxc4 Bxc4 28.Bxc4 Rxc4
29.Rxa5  1/2-1/2

[Event "PRC-chT"]
[Site "?"]
[Date "1987.??.??"]
[Round "?"]
[White "Yang Xian"]
[Black "Wu Xibin"]
[Result "1/2-1/2"]
[WhiteElo "2305"]
[BlackElo "2400"]

1.e4 c5 2.Nf3 d6 3.d4 cxd4 4.Nxd4 Nf6 5.Nc3 a6 6.Be3 e5 7.Nb3 Be6 8.Qd2 Nbd7
9.f4 b5 10.f5 Bc4 11.Bd3 Rc8 12.O-O-O Be7 13.Kb1 O-O 14.Bxc4 Rxc4 15.Qd3 Qa8
16.Na5 Rc7 17.Nd5 Nxd5 18.exd5 Nf6 19.Rhf1 Re8 20.c3 Bd8 21.Bg5 Nd7 22.Bxd8 Rxd8
23.g4 Re8 24.g5 Nb6 25.f6 Rc5 26.fxg7 Qxd5 27.Qf5 Qe6 28.Qxe6 Rxe6 29.Nb7 Rd5
30.Rxd5 Nxd5 31.Rd1 Nf4 32.Nxd6 Kxg7 33.Ne4 Kg6 34.Rd7 Nh3 35.Kc2 Nxg5 36.Nxg5 Kxg5
37.Rd2 Rh6 38.Rf2 Rh4 39.Kd3 Rf4 40.Rg2+ Kf5  1/2-1/2

[Event "ARG-ch"]
[Site "Salta"]
[Date "1987.??.??"]
[Round "8"]
[White "Campora, Daniel H"]
[Black "Glavina, Pablo"]
[Result "1-0"]
[WhiteElo "2550"]
[BlackElo "2255"]

1.e4 c5 2.Nf3 d6 3.d4 cxd4 4.Nxd4 Nf6 5.Nc3 a6 6.Be3 e5 7.Nb3 Be7 8.Bc4 Qc7
9.Qe2 b5 10.Bd5 Bb7 11.O-O-O Bxd5 12.Nxd5 Nxd5 13.Rxd5 Nd7 14.f3 Nb6 15.Bxb6 Qxb6
16.Kb1 O-O 17.Rhd1 Rac8 18.c3 Rc6 19.a3 Rb8 20.Na1 a5 21.Nc2 Rc4 22.Ne3 Rc6
23.R5d3 Bf8 24.Nd5 Qb7 25.h4 Qd7 26.g4 Qe6 27.Rg1 Rb7 28.g5 Kh8 29.h5 Rc8
30.Qg2 f5 31.Qh3 Rc5 32.g6 h6 33.Qxf5 Qxf5 34.exf5 Rc4 35.f4 exf4 36.Re1 Rb8
37.b3 Rc5 38.b4 axb4 39.axb4 Rc4 40.Rf3 Kg8 41.Rxf4 Rxf4 42.Nxf4 d5 43.Nxd5 Bd6
44.Re6  1-0

[Event "SWE-ch"]
[Site "Stockholm"]
[Date "1987.??.??"]
[Round "?"]
[White "Winsnes, Rikard"]
[Black "Wessman, Richard"]
[Result "1/2-1/2"]
[WhiteElo "2290"]
[BlackElo "2245"]

1.e4 c5 2.Nf3 d6 3.d4 cxd4 4.Nxd4 Nf6 5.Nc3 a6 6.Be3 e6 7.Qd2 b5 8.f3 Nbd7
9.g4 Nb6 10.O-O-O Bb7 11.h4 Rc8 12.h5 Nfd7 13.Bg5 Be7 14.Bxe7 Qxe7 15.Nb3 d5
16.exd5 Nxd5 17.Ne4 O-O 18.h6 g6 19.Qd4 e5 20.Qd2 N7f6 21.Bd3 Rfd8 22.Qg5 Rd7
23.Rhe1 Rdc7 24.Nxf6+ Qxf6 25.Qxe5 Qxe5 26.Rxe5 Nb4 27.Be4 Nxc2 28.Kb1 Bxe4
29.Rxe4 f5 30.gxf5 gxf5 31.Re5 f4 32.Rg5+ Kh8 33.Rgd5 Rg8 34.Rd8 Ne3 35.R1d4 Rc6
36.Rxg8+ Kxg8 37.Rxf4 Rxh6 38.a3 Rh2 39.Nc5 Nc4 40.Nxa6 Rxb2+ 41.Kc1 Rb3
42.Kc2 Rxa3 43.Nc7 Nd6 44.Rg4+ Kf7 45.Rh4 Kg6 46.Rg4+ Kf5 47.Rh4 Rxf3 48.Rxh7 b4
49.Rh5+ Kg4 50.Rc5 Ne4 51.Rc6 b3+ 52.Kb2 Kf5 53.Nb5 Ke5 54.Re6+ Kd5 55.Nc7+ Kd4
56.Nb5+ Kd3 57.Re5 Re3 58.Nc3 Nxc3 59.Rxe3+ Kxe3  1/2-1/2

[Event "Rilton Cup"]
[Site "Stockholm"]
[Date "1987.??.??"]
[Round "?"]
[White "Dukaczewski, Piotr"]
[Black "Ostergaard, Dan"]
[Result "0-1"]
[WhiteElo "2205"]
[BlackElo "2345"]

1.e4 c5 2.Nf3 d6 3.d4 cxd4 4.Nxd4 Nf6 5.Nc3 a6 6.Be3 e5 7.Nb3 Be6 8.Be2 Be7
9.O-O O-O 10.a4 Qc7 11.Nd5 Bxd5 12.exd5 Nbd7 13.c4 a5 14.f4 Ne4 15.Qc2 Nec5
16.Nxc5 Nxc5 17.Kh1 exf4 18.Bd4 Bg5 19.Rae1 Rae8 20.Qf5 h6 21.Bc3 Nxa4 22.Bxg7 Kxg7
23.Bd3 Qc8 24.Qh7+ Kf6 25.h4 Rh8 26.Rxe8 Qxe8 27.Qf5+ Kg7 28.hxg5 hxg5+ 29.Kg1 Qe7
30.Rf2 Nc5 31.Re2 Qf6 32.Qxf6+ Kxf6 33.Bc2 Rc8 34.Re1 Rc7 35.Kf2 Re7 36.Ra1 b6
37.Rh1 Re3 38.Rh6+ Ke7 39.Rh8 Nd3+ 40.Bxd3 Rxd3 41.b4 Rc3 42.bxa5 bxa5 43.Rc8 a4
44.Rc6 a3 45.Ra6 g4 46.Ke2 f5 47.Kf2 Rc2+ 48.Kf1 a2  0-1

[Event "URS-FL"]
[Site "Sverdlovsk"]
[Date "1987.??.??"]
[Round "?"]
[White "Tseshkovsky, Vitaly"]
[Black "Pigusov, Evgeny"]
[Result "1/2-1/2"]
[WhiteElo "2485"]
[BlackElo "2525"]

1.e4 c5 2.Nf3 d6 3.d4 cxd4 4.Nxd4 Nf6 5.Nc3 a6 6.Be3 e5 7.Nb3 Be6 8.Be2 Be7
9.f4 exf4 10.Bxf4 Nc6 11.Qd2 d5 12.exd5 Nxd5 13.Nxd5 Qxd5 14.O-O-O Qxd2+
15.Rxd2 O-O 16.Bf3 Rfd8 17.Rhd1 Rxd2 18.Rxd2 Rd8 19.Rxd8+ Nxd8 20.Bc7 Bc8
21.Na5 b5 22.Bb6 Kf8 23.Kd2 Ne6 24.a3 Bd6 25.h3 f5 26.b4 Bf4+ 27.Kd3 Bc1
28.c3 g5 29.Nb3 Bf4 30.c4 bxc4+ 31.Kxc4 Ke7 32.a4 Bd7 33.b5 axb5+ 34.axb5 Nc7
35.Nd4 g4 36.hxg4 fxg4 37.Be4 h5 38.Bc5+  1/2-1/2

[Event "BCF-ch"]
[Site "Swansea"]
[Date "1987.??.??"]
[Round "?"]
[White "Motwani, Paul"]
[Black "Gallagher, Joseph G"]
[Result "0-1"]
[WhiteElo "2425"]
[BlackElo "2405"]

1.e4 c5 2.Nf3 d6 3.d4 cxd4 4.Nxd4 Nf6 5.Nc3 a6 6.Be3 e5 7.Nf3 Be7 8.Bc4 Be6
9.Bxe6 fxe6 10.Ng5 Qd7 11.Qf3 d5 12.O-O-O d4 13.Bxd4 exd4 14.e5 O-O 15.Qh3 Nh5
16.Qxh5 Bxg5+ 17.Qxg5 Nc6 18.Qg3 Kh8 19.Kb1 Rac8 20.Ne4 Qd5 21.Rhe1 Rc7 22.Qa3 Rd8
23.f4 Na5 24.Qd3 Nc4 25.Ng5 g6 26.Re4 Qb5 27.b3 Na3+ 28.Ka1 Nxc2+ 29.Kb2 Qa5
30.Nf7+ Kg8 31.Nxd8 Nb4 32.a4 Nxd3+ 33.Rxd3 Qc5  0-1

[Event "Tashkent"]
[Site "Tashkent"]
[Date "1987.??.??"]
[Round "?"]
[White "Tseshkovsky, Vitaly"]
[Black "Zagrebelny, Sergey"]
[Result "0-1"]
[WhiteElo "2485"]
[BlackElo "2270"]

1.e4 c5 2.Nf3 d6 3.d4 cxd4 4.Nxd4 Nf6 5.Nc3 a6 6.Be3 e5 7.Nb3 Be6 8.f4 Ng4
9.Bd2 exf4 10.Bxf4 Nc6 11.Qd2 Be7 12.O-O-O O-O 13.Nd5 Bxd5 14.exd5 Nce5 15.h3 Ng6
16.hxg4 Nxf4 17.Kb1 Bg5 18.g3 Nh5 19.Qd3 Nf6 20.Nd4 h6 21.Be2 Re8 22.Bf3 Qd7
23.Rdf1 Re3 24.Qd1 g6 25.c3 Rae8 26.Nc2 R3e5 27.Rhg1 Qb5 28.Nb4 a5 29.a4 Qc4
30.Nd3 Re3 31.Nf4 Bxf4 32.gxf4 Qxf4 33.Bh1 Qe5 34.Ka2 Kg7 35.Qb3 Re2 36.Bf3 Rd2
37.Ka3 Nxd5 38.Rg2 Ne3 39.Rxd2 Nxf1 40.Rd5 Qf4 41.Qd1 Ne3 42.Rd4 Qh2  0-1

[Event "Timisoara"]
[Site "Timisoara"]
[Date "1987.??.??"]
[Round "?"]
[White "Ghinda, Mihail Viorel"]
[Black "Kengis, Edvins"]
[Result "1/2-1/2"]
[WhiteElo "2460"]
[BlackElo "2485"]

1.e4 c5 2.Nf3 d6 3.d4 cxd4 4.Nxd4 Nf6 5.Nc3 a6 6.Be3 e5 7.Nb3 Be6 8.Be2 Be7
9.f4 exf4 10.Bxf4 Nc6 11.Qd2 O-O 12.O-O-O Ne5 13.Nd4 Qc8 14.h3 b5 15.g4 Re8
16.a3 Nc4 17.Qe1 d5 18.Nxe6 fxe6 19.exd5 Nxd5 20.Bxc4 bxc4 21.Nxd5 exd5 22.Qa5 c3
23.b3 Qc6 24.Kb1 d4 25.Rhe1 Bc5 26.Qc7 Qxc7 27.Rxe8+ Rxe8 28.Bxc7 Re7 29.b4 Rxc7
30.bxc5 Rxc5 31.Rxd4 a5 32.a4 h5 33.Ka2 Kh7 34.Kb3 Kh6 35.gxh5 Kxh5 36.Rc4 Rxc4
37.Kxc4 Kh4 38.Kxc3 Kxh3 39.Kb3 g5 40.c4 g4 41.c5 g3 42.c6 g2 43.c7 g1=Q
44.c8=Q+ Qg4 45.Qxg4+ Kxg4 46.Kc4 Kf5 47.Kb5 Ke6 48.Kxa5 Kd7  1/2-1/2

[Event "Timisoara"]
[Site "Timisoara"]
[Date "1987.??.??"]
[Round "?"]
[White "Ghinda, Mihail Viorel"]
[Black "Ghitescu, Theodor"]
[Result "1/2-1/2"]
[WhiteElo "2460"]
[BlackElo "2405"]

1.e4 c5 2.Nf3 d6 3.d4 cxd4 4.Nxd4 Nf6 5.Nc3 a6 6.Be3 e5 7.Nb3 Be6 8.Be2 Nbd7
9.f4 exf4 10.Bxf4 Ne5 11.Qd2 Be7 12.O-O-O O-O 13.Nd4 Rc8 14.Nf5 Bxf5 15.exf5 b5
16.Kb1 Rc5 17.Qd4 Qa8 18.g4 b4 19.Qxb4 Rb8 20.Qd4 Qb7 21.Bc1 Nfxg4 22.Ne4 Rc6
23.Bxg4 Rc4 24.Nxd6 Rxd4 25.Nxb7 Rxg4 26.Rhe1 f6 27.Nd6 Rd8 28.Nb7 Rb8 29.Nd6  1/2-1/2

[Event "Warsaw zt-A"]
[Site "Warsaw"]
[Date "1987.??.??"]
[Round "?"]
[White "Mokry, Karel"]
[Black "Marin, Mihail"]
[Result "1/2-1/2"]
[WhiteElo "2485"]
[BlackElo "2445"]

1.e4 c5 2.Nf3 d6 3.d4 cxd4 4.Nxd4 Nf6 5.Nc3 a6 6.Be3 e6 7.a4 b6 8.f4 Bb7
9.Bd3 Nbd7 10.O-O Rc8 11.Qf3 Be7 12.Rad1 O-O 13.Qh3 Qc7 14.Nf3 Nc5 15.e5 Nfe4
16.Bd4 Nxd3 17.cxd3 Nc5 18.Qg3 g6 19.Ng5 Nb3 20.exd6 Qxd6 21.Be5 Qc6 22.Nxh7 Qxg2+
23.Qxg2 Bxg2 24.Nxf8 Bxf1 25.Nxg6 fxg6 26.Kxf1 Bc5 27.d4 Bb4 28.Rd3 Bxc3
29.Rxc3 Rxc3 30.bxc3 Nd2+ 31.Ke2 Nc4 32.Kd3 Nb2+ 33.Kc2 Nxa4 34.c4 Kf7 35.Kb3 b5
36.c5 Ke7 37.Kb4 Kd7 38.Ka5 Kc6 39.Kxa6 Nc3 40.Ka5 Nd5  1/2-1/2

[Event "Warsaw zt-A"]
[Site "Warsaw"]
[Date "1987.??.??"]
[Round "?"]
[White "Mokry, Karel"]
[Black "Radulov, Ivan"]
[Result "1/2-1/2"]
[WhiteElo "2485"]
[BlackElo "2430"]

1.e4 c5 2.Nf3 d6 3.d4 cxd4 4.Nxd4 Nf6 5.Nc3 a6 6.Be3 e6 7.f4 Qc7 8.Bd3 Nc6
9.Qf3 Be7 10.O-O O-O 11.a3 Nxd4 12.Bxd4 e5 13.Be3 exf4 14.Bxf4 Be6 15.Kh1  1/2-1/2

[Event "Zuerich op"]
[Site "Zuerich"]
[Date "1987.??.??"]
[Round "7"]
[White "Tolnai, Tibor"]
[Black "Vujovic, M."]
[Result "1-0"]
[WhiteElo "2410"]
[BlackElo "2330"]

1.e4 c5 2.Nf3 d6 3.d4 cxd4 4.Nxd4 Nf6 5.Nc3 a6 6.Be3 e6 7.g4 h6 8.Bg2 e5
9.Nf5 g6 10.Qe2 gxf5 11.exf5 Rg8 12.h3 Qc7 13.O-O-O Bd7 14.f4 Bc6 15.fxe5 dxe5
16.Bb6 Qxb6 17.Qxe5+ Be7 18.Rhe1 Kf8 19.Qxe7+ Kg7 20.Re6 Nbd7 21.Rxd7 Nxd7
22.Rg6+  1-0

[Event "Wch Girls U20"]
[Site "Adelaide"]
[Date "1988.??.??"]
[Round "?"]
[White "Arakhamia, Ketevan"]
[Black "Neely, Elizabeth"]
[Result "1-0"]
[WhiteElo "2420"]
[BlackElo "2135"]

1.e4 c5 2.Nf3 d6 3.d4 cxd4 4.Nxd4 Nf6 5.Nc3 a6 6.Be3 e6 7.f4 Be7 8.Qf3 Qc7
9.g4 Nfd7 10.O-O-O b5 11.Bd3 Bb7 12.g5 Nc6 13.Kb1 Nxd4 14.Bxd4 e5 15.fxe5 Nxe5
16.Qg3 O-O-O 17.Nd5 Bxd5 18.exd5 Kb8 19.a4 bxa4 20.Bxa6 Qa5 21.Be2 f6 22.Bc3 Qa7
23.Rd4 Kc7 24.Bb5 a3 25.Ra4 Qc5 26.Ba5+ Kb8 27.Qb3  1-0

[Event "Akureyri"]
[Site "Akureyri"]
[Date "1988.??.??"]
[Round "?"]
[White "Vidarsson, Jon G"]
[Black "Olafsson, Helgi"]
[Result "0-1"]
[WhiteElo "2305"]
[BlackElo "2510"]

1.e4 c5 2.Nf3 d6 3.d4 cxd4 4.Nxd4 Nf6 5.Nc3 a6 6.Be3 e6 7.Qd2 b5 8.f3 Nbd7
9.g4 h6 10.O-O-O Bb7 11.Bd3 Ne5 12.Rhe1 b4 13.Nce2 d5 14.exd5 Nxd5 15.Nf4 Qd7
16.Kb1 Be7 17.Nh5 O-O-O 18.Be2 g6 19.Nf4 Nxe3 20.Qxe3 Bd6 21.c3 bxc3 22.Qxc3+ Kb8
23.Qb3 Ka8 24.Nd3 Bd5 25.Qb6 Qa7 26.Qxa7+ Kxa7 27.h3 Nc4 28.Nc1 Rc8 29.Ncb3 Bg3
30.Rh1 Rhd8 31.Rdg1 Be5 32.Rd1 Kb6 33.Rc1 a5 34.a4 Bf4 35.Rcd1 Ne3 36.Rd3 e5
37.Nb5  0-1

[Event "Bad Woerishofen op"]
[Site "Bad Woerishofen"]
[Date "1988.??.??"]
[Round "3"]
[White "Klinger, Josef"]
[Black "Stummer, Anton"]
[Result "1-0"]
[WhiteElo "2505"]
[BlackElo "2205"]

1.e4 c5 2.Nf3 d6 3.d4 cxd4 4.Nxd4 Nf6 5.Nc3 a6 6.Be3 e5 7.Nf3 Qc7 8.a4 h6
9.a5 Be6 10.Be2 Be7 11.O-O Nbd7 12.Nd5 Nxd5 13.exd5 Bf5 14.c4 O-O 15.b4 Bh7
16.Rc1 f5 17.c5 dxc5 18.d6 Bxd6 19.Qd5+ Kh8 20.Rfd1 e4 21.bxc5 exf3 22.cxd6 Nf6
23.dxc7 Nxd5 24.Bxf3 Nxe3 25.fxe3 Bg8 26.Bxb7 Bb3 27.Bxa8  1-0

[Event "Baden-Baden"]
[Site "Baden-Baden"]
[Date "1988.??.??"]
[Round "?"]
[White "Tseshkovsky, Vitaly"]
[Black "Braun, Michael"]
[Result "1-0"]
[WhiteElo "2505"]
[BlackElo "2325"]

1.e4 c5 2.Nf3 d6 3.d4 cxd4 4.Nxd4 Nf6 5.Nc3 a6 6.Be3 e6 7.Qd2 Nbd7 8.f3 b5
9.g4 h6 10.O-O-O Bb7 11.Bd3 b4 12.Nce2 d5 13.exd5 Nxd5 14.Nf4 Qa5 15.Kb1 Bc5
16.Nxd5 Bxd5 17.Nb3 Bxe3 18.Qxe3 Qb6 19.Qe2 O-O 20.Rhg1 a5 21.g5 h5 22.g6 a4
23.gxf7+ Rxf7 24.Nd4 a3 25.b3 Qc5 26.c4 bxc3 27.Bc2 Nf8 28.f4 Re8 29.Rg5 Qe7
30.Rxh5 Qf6 31.f5 e5 32.Nf3 Bxf3 33.Qxf3 Rd7 34.Rxd7 Nxd7 35.Qd5+  1-0

[Event "Baku"]
[Site "Baku"]
[Date "1988.??.??"]
[Round "?"]
[White "Gallagher, Joseph G"]
[Black "Magerramov, Elmar"]
[Result "1-0"]
[WhiteElo "2445"]
[BlackElo "2430"]

1.e4 c5 2.Nf3 d6 3.d4 cxd4 4.Nxd4 Nf6 5.Nc3 a6 6.Be3 e6 7.f3 Nc6 8.g4 Be7
9.Qd2 O-O 10.O-O-O Nxd4 11.Bxd4 b5 12.h4 b4 13.Ne2 e5 14.Be3 Qa5 15.Kb1 Be6
16.Nc1 Rfd8 17.g5 Nh5 18.Qf2 Rab8 19.Bh3 Bxh3 20.Rxh3 d5 21.exd5 Rxd5 22.Rhh1 g6
23.Rhe1 Rb7 24.Bb6 Qb5 25.Rxd5 Qxd5 26.Nd3 Rd7 27.b3 Bd6 28.Nc5 Rd8 29.Ne4 Rc8
30.Qd2 Qxd2 31.Nxd2 Nf4 32.Nc4 Bb8 33.Kb2 Nd5 34.Bf2 Nc3 35.Bg3 Rd8 36.Bxe5 Bxe5
37.Nxe5 Rd4 38.Nd3 a5 39.a3 Rxh4 40.axb4 axb4 41.Nxb4 Rxb4 42.Kxc3 Rf4 43.Rf1 Kf8
44.Kd3 f6 45.gxf6 Rxf6 46.c4 Ke7 47.Ke4 Kd6 48.Ra1 Kc5 49.Ra5+ Kb6 50.b4 Re6+
51.Re5 Rf6 52.Re8 g5 53.Kd5 Rf5+ 54.Re5 Rxf3 55.Re6+ Kb7 56.Re7+ Kb6 57.Re6+ Kb7
58.Re7+ Kb6 59.Rxh7 Rf5+ 60.Kd6 Rf6+ 61.Ke5 Rf4 62.c5+ Kb5 63.Kd5 Rf5+ 64.Ke6 Rf4
65.Kd7 Rd4+ 66.Kc7 Rxb4 67.c6 Rh4 68.Rd7 Rh6 69.Rd6 Rh7+ 70.Kb8 Kc5 71.Rg6  1-0

[Event "Barcelona"]
[Site "Barcelona"]
[Date "1988.??.??"]
[Round "?"]
[White "Sion Castro, Marcelino"]
[Black "Gual Pascual, Antonio"]
[Result "1/2-1/2"]
[WhiteElo "2330"]
[BlackElo "2385"]

1.e4 c5 2.Nf3 d6 3.d4 cxd4 4.Nxd4 Nf6 5.Nc3 a6 6.Be3 e5 7.Nf3 Qc7 8.a4 Be7
9.Be2 O-O 10.O-O h6 11.a5 Be6 12.Nd5 Nxd5 13.exd5 Bf5 14.c4 Nd7 15.b4 Bh7
16.Rc1 Rfc8 17.Qb3 Kh8 18.Rfd1 f5 19.c5 f4 20.cxd6 Qxd6 21.Bc5 Qf6 22.Bxe7 Qxe7
23.d6 Qe8 24.Bc4 e4 25.Bf7 Qd8 26.Rxc8 Rxc8 27.Nd4 f3 28.Qd5 Rb8 29.Be6 Nf6
30.Qe5 Qf8 31.Nf5 Bxf5 32.Qxf5 Rd8 33.Qc5 e3 34.fxe3 Qe8 35.Qf5 fxg2 36.Rd4 Qc6
37.d7 Qc1+ 38.Kxg2 Qxe3 39.Rd3 Qe2+ 40.Kg1 Qe1+ 41.Kg2 Qxb4 42.Qe5 Qe7 43.Qd6 Rxd7
44.Bxd7  1/2-1/2

[Event "Barcelona Vulca"]
[Site "Barcelona"]
[Date "1988.??.??"]
[Round "3"]
[White "Cuadras, Jorge"]
[Black "Gual Pascual, Antonio"]
[Result "0-1"]
[WhiteElo "2300"]
[BlackElo "2385"]

1.e4 c5 2.Nf3 d6 3.d4 cxd4 4.Nxd4 Nf6 5.Nc3 a6 6.Be3 e5 7.Nb3 Be7 8.Be2 O-O
9.Qd2 Qc7 10.f4 b5 11.a4 b4 12.Nd5 Nxd5 13.exd5 Bf6 14.fxe5 Bxe5 15.Bd4 Re8
16.O-O Nd7 17.Rf2 Nf6 18.Qxb4 Ne4 19.Rff1 Rb8 20.Qc4 Qxc4 21.Bxc4 Bxd4+ 22.Nxd4 Rxb2
23.Bd3 Nc5 24.Rfb1 Nxd3 25.cxd3 Rd2 26.Ra3 g6 27.h3 Bf5 28.Rb6 Bxh3 29.Kh2 Bxg2
30.Rxd6 Re3  0-1

[Event "Belgrade (Women)"]
[Site "Belgrade"]
[Date "1988.??.??"]
[Round "4"]
[White "Dragasevic Georgieva, Antonina"]
[Black "Gocheva, Rumiana B"]
[Result "1-0"]
[WhiteElo "2245"]
[BlackElo "2240"]

1.e4 c5 2.Nf3 d6 3.d4 cxd4 4.Nxd4 Nf6 5.Nc3 a6 6.Be3 e5 7.Nb3 Be6 8.f3 b5
9.Qd2 Nbd7 10.g4 Nb6 11.g5 Nfd7 12.Na5 Qc7 13.a4 bxa4 14.Nxa4 d5 15.Nxb6 Nxb6
16.Qc3 Qxc3+ 17.bxc3 Nd7 18.Nc6 dxe4 19.fxe4 Bd6 20.Rxa6 O-O 21.Kd2 Bg4 22.Rxa8 Rxa8
23.Bc4 Bh3 24.Bd5 Ra4 25.Rb1 Be6 26.Rb7 Nf8 27.Ne7+ Kh8 28.Nf5 Ba3 29.Rb8 g6
30.Nh6 Kg7 31.Rb7 Bxd5 32.exd5 Rh4 33.Rxf7+ Kh8 34.Rf2 Nd7 35.Nf7+ Kg7 36.Nd8 Nc5
37.Bxc5  1-0

[Event "Berlin Neukoelln"]
[Site "Berlin-West"]
[Date "1988.??.??"]
[Round "?"]
[White "Cladouras, Panagiotis"]
[Black "Armas, Jorge"]
[Result "1/2-1/2"]
[WhiteElo "2380"]
[BlackElo "2410"]

1.e4 c5 2.Nf3 d6 3.d4 Nf6 4.Nc3 cxd4 5.Nxd4 a6 6.Be3 e5 7.Nb3 Be6 8.a4 Ng4
9.Bc1 Qb6 10.Qf3 Nc6 11.a5 Qd8 12.Nd5 Be7 13.Bc4 O-O 14.O-O Rc8 15.Qe2 Bg5
16.Nb6 Bxc4 17.Qxg4 Bxc1 18.Nxc4 Nb4 19.Qe2 Bg5 20.c3 Nc6 21.Rfd1 Be7 22.Qd3 Qc7
23.Nb6 Rcd8 24.Nd5 Qc8 25.Nd2 Qe6 26.b4 Rd7 27.Nc4 Bd8 28.Ncb6 Bxb6 29.Nxb6 Rdd8
30.Qd5 Qxd5 31.Rxd5 Ne7 32.Rd2 f5 33.Rad1 Nc8 34.Nc4 fxe4 35.Nxe5 Rf6 36.Ng4 Re6
37.Ne3 Ne7 38.c4 Nc6 39.Rb1 Kf7 40.Rd5 Re5 41.Rd2  1/2-1/2

[Event "Berlin op"]
[Site "Berlin-West"]
[Date "1988.??.??"]
[Round "1"]
[White "Tolnai, Tibor"]
[Black "Busch, Klaus"]
[Result "1-0"]
[WhiteElo "2485"]
[BlackElo "2340"]

1.e4 c5 2.Nf3 d6 3.d4 cxd4 4.Nxd4 Nf6 5.Nc3 a6 6.Be3 e5 7.Nb3 Be7 8.f3 Be6
9.Qd2 O-O 10.O-O-O a5 11.a4 Nc6 12.Kb1 Nb4 13.g4 Nd7 14.h4 Nb6 15.Qf2 Nc4
16.Bxc4 Bxc4 17.Bb6 Qe8 18.Nxa5 Be6 19.b3 Qc8 20.Nb5 Bd8 21.Bxd8 Rxd8 22.Nxd6 Qd7
23.Qc5 b6 24.Qxb4 bxa5 25.Qb5 Qc7 26.Qxe5 Rab8 27.Nc4 Rxd1+ 28.Rxd1 Qa7 29.Qxa5  1-0

[Event "Berlin op"]
[Site "Berlin-West"]
[Date "1988.??.??"]
[Round "5"]
[White "Timmer, Robert"]
[Black "Schulz, Klaus Juergen"]
[Result "1/2-1/2"]
[WhiteElo "2295"]
[BlackElo "2360"]

1.e4 c5 2.Nf3 d6 3.d4 cxd4 4.Nxd4 Nf6 5.Nc3 a6 6.Be3 e6 7.Qd2 Be7 8.f3 O-O
9.O-O-O Nc6 10.g4 Nd7 11.h4 Nc5 12.Nxc6 bxc6 13.Bxc5 dxc5 14.Qxd8 Rxd8 15.Rxd8+ Bxd8
16.Na4 a5 17.Nxc5 Kf8 18.Bc4 e5 19.c3 Be7 20.Nd3 Bd6 21.Kc2 Ke7 22.a4 Bd7
23.Ra1 g6 24.Rg1 Kf6 25.b3 Bc7 26.Nc5 Be8 27.Rd1 Ke7 28.b4 Bb6 29.Bb3 Bxc5
30.bxc5 Rd8 31.Rxd8 Kxd8 32.g5 Ke7 33.Kd3 Bd7 34.Ke3  1/2-1/2